000 00740nam a2200217Ii 4500
003 JO-AjNU
008 230605s9999||||xx |||||||||||||| ||und||
017 _a1993/10/1174
040 _aJO-AjNU
_bara
_erda
_cJO-AjNU
041 _aara
050 1 4 _aPN2920.J6.H386 1993
100 3 _aحوامدة، مفيد,
_eauthor
_950395
245 0 0 _aالمسرح في الأردن
264 3 1 _aعمان: لجنة تاريخ الأردن، 1993
300 _a59ص
336 _atext
_btxt
_2rdacontent
337 _aunmediated
_bn
_2rdamedia
338 _avolume
_bnc
_2rdacarrier
490 0 _aسلسلة الكتاب الأم في تاريخ الأردن 20
650 4 _aالمسرح - المسرح الأردني - تاريخ ونقد
_950396
999 _aA22197
_c25765
_d25765